Signes astrologiques chinois - Statistiques

Statistiques générales
  • Ce quiz a été pris 8 393 fois
  • Le résultat moyen est 9 sur 12
Statistiques - réponses
Nom chinois Signe astrologique % Correct
Lóng Dragon
89%
Lapin
85%
Gǒu Chien
84%
Coq
83%
Zhū Cochon
82%
Shǔ Rat
82%
Niú Buffle
71%
Shé Serpent
71%
Hóu Singe
69%
Yáng Chèvre
68%
Cheval
67%
Tigre
66%
Aucun quiz correspondant
Distribution des résultats
% des personnes avec chaque résultat
Percentile par nombre de réponses
Votre historique - résultats
Vous n’avez pas pris ce quiz